Soldados de la represión. Anticomunismo, seguridad nacional y contrasubversión en las Fuerzas Armadas chilenas, 1970-1975.

Saved in:
Bibliografiske detaljer
Hovedforfatter: Seguel Gutiérrez, Pablo (autor)
Format: Ukendt
Udgivet: Santiago, Chile: Ediciones Universidad Alberto Hurtado, 2022.
Udgivelse:Primera edición
Serier:Colección Historia
Fag:
Tags: Tilføj Tag
Ingen Tags, Vær først til at tagge denne postø!

MARC

LEADER 00000 a2200000 4500
003 CL-VaPUC
005 20221107105500.0
008 221018t2022 ||||| |||| 00| 0 eng d
999 |c 438738  |d 438736 
020 |a 978-956-357-341-1 
040 |c Pontificia Universidad Católica de Valparaíso 
082 7 |a 983.065 SEG 2022  |2 22 
100 |a Seguel Gutiérrez, Pablo  |9 876702  |e autor 
245 |a Soldados de la represión.  |b Anticomunismo, seguridad nacional y contrasubversión en las Fuerzas Armadas chilenas, 1970-1975. 
250 |a Primera edición 
260 |a Santiago, Chile:  |b Ediciones Universidad Alberto Hurtado,  |c 2022. 
300 |a 614 páginas. 
490 |a Colección Historia 
583 |k GC  |c 20221018 
650 0 |a Fuerzas Armadas  |9 255504  |x Historiografía   |y 1970-1975  |z Chile  
650 0 |a Fuerzas Armadas  |9 255504  |x Policía  |x Poder ejecutivo  |z Chile   |y 1970-1975 
942 |2 ddc  |c BK 
952 |0 0  |1 0  |2 ddc  |4 0  |6 983_065000000000000_SEG_2022  |7 0  |8 A  |9 587277  |a BIBHIS  |b BIBHIS  |c GEN  |d 2022-10-14  |e 3  |g 14978.00  |i 5655210  |l 3  |o 983.065 SEG 2022  |p 5655210  |r 2025-04-28  |s 2025-04-28  |t 2  |v 14978.00  |w 2022-10-14  |y BK  |k HIS